[Event "Batumi Municipality Cup"]
[Site "Batumi"]
[Date "2016.07.09"]
[Round "8"]
[White "Bokuchava, Madona"]
[Black "Lortkipanidze, Nodar"]
[Result "1/2-1/2"]
[WhiteElo "2073"]
[BlackElo "2225"]
[PlyCount "70"]
[EventDate "2016.07.02"]
[EventType "swiss"]
[EventRounds "9"]
[EventCountry "GEO"]
[SourceTitle "EXT 2017"]
[Source "ChessBase"]
[SourceDate "2016.10.25"]
[SourceVersion "1"]
[SourceVersionDate "2016.10.25"]
[SourceQuality "1"]

1. d4 e6 2. c4 b6 3. g3 Bb7 4. Nf3 f5 5. Bg2 Nf6 6. 0-0 Be7 7. Nc3 0-0 8. b3 a5 9. Bb2 Na6 10. Rc1 Rb8 11. Ne5 Bxg2 12. Kxg2 Qe8 13. e3 d6 14. Nd3 g5 15. a3 c5 16. Qe2 Qg6 17. Nb5 h5 18. f4 Ne4 19. Nc3 Nc7 20. fxg5 Nxc3 21. Bxc3 Bxg5 22. dxc5 bxc5 23. Bxa5 Rf7 24. b4 cxb4 25. Bxb4 e5 26. Rcd1 Qe6 27. Nf2 d5 28. Nh3 Bh6 29. Qxh5 Bxe3 30. Ng5 Bxg5 31. Qxg5+ Kh7 32. Qh5+ Kg8 33. Qg5+ Kh7 34. Qh5+ Kg8 35. Qg5+ Kh7 1/2-1/2

[Event "Batumi Municipality Cup"]
[Site "Batumi"]
[Date "2016.07.06"]
[Round "5"]
[White "Bokuchava, Madona"]
[Black "Karayev, Kanan"]
[Result "1/2-1/2"]
[WhiteElo "2073"]
[BlackElo "2310"]
[PlyCount "145"]
[EventDate "2016.07.02"]
[EventType "swiss"]
[EventRounds "9"]
[EventCountry "GEO"]
[SourceTitle "EXT 2017"]
[Source "ChessBase"]
[SourceDate "2016.10.25"]
[SourceVersion "1"]
[SourceVersionDate "2016.10.25"]
[SourceQuality "1"]

1. d4 Nf6 2. Nf3 g6 3. c4 Bg7 4. Nc3 d5 5. Bg5 Ne4 6. cxd5 Nxg5 7. Nxg5 e6 8. Nf3 exd5 9. e3 0-0 10. Be2 b6 11. 0-0 Bb7 12. Rc1 Nd7 13. b4 a6 14. Qb3 Nf6 15. a4 Qd6 16. Rfd1 Rae8 17. a5 Nd7 18. Ra1 b5 19. Rac1 c6 20. Bf1 f5 21. g3 Bf6 22. Rc2 Kh8 23. Ne2 g5 24. Nc1 h5 25. Nd3 Rf7 26. Nde5 Rg7 27. Nxd7 Qxd7 28. Ne1 Qd6 29. Bg2 h4 30. Nd3 hxg3 31. hxg3 f4 32. exf4 Bxd4 33. Nc5 Bxc5 34. bxc5 Qe6 35. fxg5 Rxg5 36. Qc3+ Kg8 37. Rcc1 Re5 38. Kf1 Qf6 39. Qf3 Rf5 40. Qg4+ Rg5 41. Qf3 Qg7 42. Bh3 Qh6 43. Kg2 Rf8 44. Qe3 Qf6 45. Qe6+ Qxe6 46. Bxe6+ Kg7 47. Rd4 Re5 48. Bg4 Rfe8 49. Rh1 Re4 50. Rxe4 dxe4 51. Rd1 Bc8 52. Bxc8 Rxc8 53. Rd4 Re8 54. Rd6 e3 55. fxe3 Rxe3 56. Rxc6 Rc3 57. Rxa6 Rxc5 58. Rb6 b4 59. a6 Ra5 60. Kh3 b3 61. Kh4 b2 62. Rxb2 Ra4+ 63. g4 Rxa6 64. Rb7+ Kg6 65. Rb8 Kg7 66. Rb5 Kg6 67. Rg5+ Kh6 68. Rg8 Kh7 69. Rd8 Kg6 70. Rd4 Rb6 71. Kg3 Kg5 72. Rd5+ Kg6 73. Kh4 1/2-1/2

[Event "EU-ch (Women) 16th"]
[Site "Chakvi"]
[Date "2015.05.23"]
[Round "5"]
[White "Bokuchava, Madona"]
[Black "Jibuti, Nata"]
[Result "1-0"]
[WhiteElo "2063"]
[BlackElo "1694"]
[PlyCount "55"]
[EventDate "2015.05.19"]
[EventType "swiss"]
[EventRounds "11"]
[EventCountry "GEO"]
[SourceTitle "CBM 166 Extra"]
[Source "ChessBase"]
[SourceDate "2015.06.18"]
[SourceVersion "1"]
[SourceVersionDate "2015.06.18"]
[SourceQuality "1"]

1. d4 Nf6 2. Nf3 e6 3. c4 Bb4+ 4. Nbd2 b6 5. a3 Bxd2+ 6. Bxd2 Bb7 7. Bg5 0-0 8. e3 d5 9. Rc1 Nbd7 10. cxd5 Bxd5 11. Bd3 h6 12. Bh4 Qc8 13. b4 Qb7 14. 0-0 Ne4 15. Qa4 Nb8 16. Qc2 g5 17. Bg3 Nxg3 18. fxg3 f5 19. Qxc7 Rf7 20. Qxb7 Bxb7 21. Ne5 Re7 22. g4 fxg4 23. Rf6 Rg7 24. Bc4 Na6 25. Bxe6+ Kh7 26. Nxg4 Re7 27. Bf5+ Kg7 28. Rg6+ 1-0

[Event "GEO-chT Club"]
[Site "Ureki"]
[Date "2014.09.28"]
[Round "2.3"]
[White "Gvetadze, Sofio"]
[Black "Bokuchava, Madona"]
[Result "1-0"]
[WhiteElo "2361"]
[BlackElo "2003"]
[PlyCount "83"]
[EventDate "2014.09.27"]
[EventType "team-tourn"]
[EventRounds "7"]
[EventCountry "GEO"]
[SourceTitle "CBM 162 Extra"]
[Source "ChessBase"]
[SourceDate "2014.10.17"]
[SourceVersion "1"]
[SourceVersionDate "2014.10.17"]
[SourceQuality "1"]
[WhiteTeam "Tbilisi"]
[BlackTeam "Samegrelo"]
[WhiteTeamCountry "GEO"]
[BlackTeamCountry "GEO"]

1. Nf3 f5 2. g3 Nf6 3. Bg2 e6 4. 0-0 d5 5. c4 c6 6. b3 Bd6 7. Ba3 Bxa3 8. Nxa3 Qe7 9. Qc1 0-0 10. Qb2 Bd7 11. Ne5 Be8 12. b4 Bh5 13. e3 Nbd7 14. d4 Ng4 15. Nd3 g5 16. Rfe1 Bg6 17. f4 h6 18. Rac1 Rac8 19. Nb1 Ngf6 20. Nd2 g4 21. Rc2 Ne4 22. Nxe4 fxe4 23. Nf2 h5 24. Rec1 Nb6 25. Bf1 a6 26. b5 cxb5 27. cxb5 a5 28. Rxc8 Rxc8 29. Rxc8+ Nxc8 30. Qc3 Qd8 31. Qc5 Be8 32. h3 b6 33. Qc2 gxh3 34. Bxh3 Bd7 35. g4 Qe8 36. gxh5 Qxh5 37. Qc7 Qe8 38. Ng4 Kf7 39. Ne5+ Ke7 40. f5 exf5 41. Bxf5 Qg8+ 42. Kf2 1-0

[Event "EU-ch (Women) 15th"]
[Site "Plovdiv"]
[Date "2014.07.11"]
[Round "6"]
[White "Antova, Gabriela"]
[Black "Bokuchava, Madona"]
[Result "1-0"]
[WhiteElo "1876"]
[BlackElo "2027"]
[PlyCount "101"]
[EventDate "2014.07.06"]
[EventType "swiss"]
[EventRounds "11"]
[EventCountry "BUL"]
[SourceTitle "CBM 162"]
[Source "ChessBase"]
[SourceDate "2014.09.17"]
[SourceVersion "1"]
[SourceVersionDate "2014.09.17"]
[SourceQuality "1"]

1. e4 Nc6 2. d4 d5 3. e5 Bf5 4. Nf3 Qd7 5. Nc3 Nb4 6. Bb5 Nxc2+ 7. Qxc2 Bxc2 8. Bxd7+ Kxd7 9. Nxd5 e6 10. Nc3 c6 11. Be3 Ne7 12. 0-0 Nd5 13. Nxd5 cxd5 14. Ng5 f6 15. Nf3 Be7 16. Rac1 Rac8 17. Bd2 Be4 18. Bf4 Bxf3 19. gxf3 g5 20. Be3 fxe5 21. dxe5 b6 22. Kg2 Rhf8 23. Kg3 Bc5 24. Bxg5 Bd4 25. f4 Bxb2 26. Rxc8 Rxc8 27. Rd1 Rc4 28. Bf6 d4 29. Kg4 Rc2 30. Bh4 Rc5 31. Bg3 Rd5 32. Rd3 b5 33. f5 Ke7 34. f4 b4 35. fxe6 Bc1 36. f5 h6 37. Bf2 h5+ 38. Kxh5 Rxe5 39. Kg6 Be3 40. Bh4+ Ke8 41. Bf6 Re4 42. h4 a5 43. Bg5 a4 44. Kg7 Bf4 45. f6 Be5 46. e7 Re2 47. Rf3 a3 48. Kg8 Bxf6 49. Rxf6 Kd7 50. Rf8 b3 51. Rd8+ 1-0

[Event "EU-ch (Women) 15th"]
[Site "Plovdiv"]
[Date "2014.07.10"]
[Round "5"]
[White "Bokuchava, Madona"]
[Black "Blagojevic, Tijana"]
[Result "0-1"]
[WhiteElo "2027"]
[BlackElo "2154"]
[PlyCount "162"]
[EventDate "2014.07.06"]
[EventType "swiss"]
[EventRounds "11"]
[EventCountry "BUL"]
[SourceTitle "CBM 162"]
[Source "ChessBase"]
[SourceDate "2014.09.17"]
[SourceVersion "1"]
[SourceVersionDate "2014.09.17"]
[SourceQuality "1"]

1. d4 d5 2. c4 c6 3. Nf3 Nf6 4. e3 Bg4 5. h3 Bh5 6. Nbd2 e6 7. Bd3 Nbd7 8. 0-0 Bd6 9. Qb3 Qc7 10. Re1 0-0 11. e4 dxe4 12. Bxe4 Nxe4 13. Nxe4 Be7 14. Bd2 Rad8 15. Ng3 Bg6 16. Rad1 Qb6 17. Qxb6 Nxb6 18. Ba5 Bf6 19. b3 Rd7 20. Ne5 Bxe5 21. Rxe5 Rfd8 22. Ne2 Rb8 23. Nf4 Nc8 24. g4 b5 25. cxb5 Rxb5 26. Rxb5 cxb5 27. f3 Ne7 28. h4 e5 29. Ne2 h5 30. Rd2 Nc6 31. Bc3 exd4 32. Nxd4 Ne5 33. gxh5 Bxh5 34. f4 b4 35. Bb2 Ng6 36. f5 Nxh4 37. Rf2 a6 38. Kf1 Rd5 39. Rf4 g5 40. fxg6 Nxg6 41. Rf6 Ra5 42. Nf5 Rxa2 43. Nh6+ Kf8 44. Rxf7+ Ke8 45. Rf2 Bd1 46. Nf5 Bxb3 47. Re2+ Kd7 48. Rd2+ Kc7 49. Ne3 a5 50. Ke1 Kc6 51. Nf5 Kb5 52. Nd6+ Kc6 53. Nf5 Bd5 54. Ne3 Be4 55. Bd4 Ra4 56. Nc4 b3 57. Nb2 Ra1+ 58. Nd1 Rc1 59. Bb2 Rb1 60. Ba3 Nf4 61. Kf2 Nd5 62. Ne3 Nxe3 63. Kxe3 Bd5 64. Kd4 Ra1 65. Bb2 Rb1 66. Kc3 Rg1 67. Ba3 Rg5 68. Kb2 Kb5 69. Be7 Rf5 70. Bd6 Kc4 71. Ba3 Rf1 72. Re2 Rh1 73. Bd6 Kd3 74. Rh2 Re1 75. Bc7 a4 76. Bd6 Kc4 77. Rh4+ Be4 78. Be5 Re2+ 79. Kc1 a3 80. Bf4 b2+ 81. Kd1 b1Q+ 0-1

[Event "EU-ch (Women) 14th"]
[Site "Belgrade"]
[Date "2013.07.24"]
[Round "2"]
[White "Bokuchava, Madona"]
[Black "Nikolovska, Dragana"]
[Result "1/2-1/2"]
[WhiteElo "2109"]
[BlackElo "1848"]
[PlyCount "188"]
[EventDate "2013.07.23"]
[EventType "swiss"]
[EventRounds "11"]
[EventCountry "SRB"]
[SourceTitle "CBM 155 Extra"]
[Source "ChessBase"]
[SourceDate "2013.08.26"]
[SourceVersion "1"]
[SourceVersionDate "2013.08.26"]
[SourceQuality "1"]

1. d4 Nf6 2. Nf3 g6 3. c4 Bg7 4. Nc3 0-0 5. g3 d6 6. Bg2 Nbd7 7. 0-0 e5 8. e4 c6 9. h3 a5 10. Be3 a4 11. Qc2 exd4 12. Bxd4 Qa5 13. Rfe1 Re8 14. Rad1 Nc5 15. b3 axb3 16. axb3 Qb4 17. Rb1 Ra3 18. Na2 Qa5 19. Nc3 Qb4 20. Nd2 Ne6 21. Be3 Ng4 22. hxg4 Bxc3 23. Rec1 Bg7 24. Qd3 Nc7 25. g5 Be6 26. f4 Bg4 27. Nf1 Ra2 28. Rc2 Rxc2 29. Qxc2 Ne6 30. Nh2 Nd4 31. Qf2 Ne2+ 32. Kh1 Nc3 33. Bd2 Bd7 34. Qe1 d5 35. e5 d4 36. Rc1 Qxb3 37. Bxc3 dxc3 38. Rxc3 Qb2 39. Rc1 Bf5 40. Rd1 Ra8 41. Nf1 Bf8 42. Ne3 Ra2 43. Qf1 Be4 44. Qg1 Qe2 45. Re1 Qh5+ 46. Qh2 Qxh2+ 47. Kxh2 Bc5 48. Kh3 Bxg2+ 49. Nxg2 Ra3 50. Re2 Rc3 51. e6 fxe6 52. Rxe6 Rxc4 53. Re8+ Kg7 54. Rc8 Re4 55. g4 Bd6 56. f5 gxf5 57. gxf5 c5 58. Rd8 Rd4 59. Rd7+ Kg8 60. Rxb7 c4 61. Ne1 c3 62. Rd7 Rd2 63. f6 Bf4 64. Rg7+ Kf8 65. Ra7 Bxg5 66. Rxh7 Bxf6 67. Rc7 Re2 68. Ng2 c2 69. Nf4 Rd2 70. Kg4 Bb2 71. Nd3 Rxd3 72. Rxc2 Ba3 73. Rc7 Be7 74. Kf5 Kf7 75. Ke4 Ra3 76. Rc6 Bf6 77. Kf5 Ra5+ 78. Kg4 Kg6 79. Rc4 Rh5 80. Rc6 Rh4+ 81. Kg3 Ra4 82. Rc5 Bg5 83. Rc8 Bf4+ 84. Kg4 Be5+ 85. Kf3 Kf5 86. Rf8+ Bf6 87. Re8 Ra3+ 88. Re3 Ra4 89. Re8 Ra3+ 90. Re3 Ra4 91. Re8 Bg5 92. Rf8+ Ke5 93. Re8+ Kf5 94. Rf8+ Bf6 1/2-1/2

[Event "GEO-ch (Women) 69th"]
[Site "Anaklia"]
[Date "2012.05.05"]
[Round "7"]
[White "Khurtsilava, Inga"]
[Black "Bokuchava, Madona"]
[Result "1-0"]
[WhiteElo "2286"]
[BlackElo "2058"]
[PlyCount "99"]
[EventDate "2012.04.28"]
[EventType "tourn"]
[EventRounds "11"]
[EventCountry "GEO"]
[EventCategory "5"]
[SourceTitle "CBM 148 Extra"]
[Source "ChessBase"]
[SourceDate "2012.06.22"]
[SourceVersion "1"]
[SourceVersionDate "2012.06.22"]
[SourceQuality "1"]

1. g3 c5 2. Bg2 Nf6 3. c4 Nc6 4. Nc3 g6 5. d3 Bg7 6. e3 0-0 7. Nge2 d6 8. 0-0 Bd7 9. a3 Qc8 10. Re1 Bg4 11. f3 Bh3 12. Nf4 Bxg2 13. Kxg2 Nd7 14. h4 b6 15. Rb1 Qb7 16. Ne4 Nf6 17. Nxf6+ Bxf6 18. b4 Ne5 19. Bb2 e6 20. e4 Rfc8 21. h5 Qe7 22. Rh1 Nc6 23. hxg6 fxg6 24. Qd2 Nd4 25. Nh3 Rc7 26. f4 cxb4 27. axb4 a5 28. Ng5 h5 29. Bxd4 Bxd4 30. Nf3 Qg7 31. e5 dxe5 32. fxe5 Bxe5 33. Qe2 Bc3 34. bxa5 bxa5 35. Rb6 Re8 36. Rf1 Rf7 37. Rxe6 Rfe7 38. Rxe7 Qxe7 39. Qc2 Qg7 40. d4 Re3 41. c5 Bb4 42. Ne5 Be1 43. Qc4+ Kh8 44. Nf7+ Kh7 45. Ng5+ Kh6 46. Rf7 Rc3 47. Qxc3 Bxc3 48. Rxg7 Kxg7 49. c6 a4 50. c7 1-0

[Event "EU-ch (Women) 12th"]
[Site "Tbilisi"]
[Date "2011.05.18"]
[Round "11"]
[White "Khomeriki, Nino"]
[Black "Bokuchava, Madona"]
[Result "1-0"]
[WhiteElo "1832"]
[BlackElo "2115"]
[PlyCount "55"]
[EventDate "2011.05.07"]
[EventType "swiss"]
[EventRounds "11"]
[EventCountry "GEO"]
[SourceTitle "CBM 142 Extra"]
[Source "ChessBase"]
[SourceDate "2011.06.27"]
[SourceVersion "1"]
[SourceVersionDate "2011.06.27"]
[SourceQuality "1"]

1. Nf3 Nf6 2. d4 e6 3. e3 b6 4. Bd3 Bb7 5. 0-0 Be7 6. b3 0-0 7. Bb2 c5 8. Nbd2 Nc6 9. a3 Rc8 10. Qe2 Qc7 11. c4 cxd4 12. exd4 d5 13. Rac1 dxc4 14. bxc4 Qf4 15. Qe3 Bd6 16. Bb1 Na5 17. Qd3 Rfd8 18. d5 e5 19. Nxe5 Ba6 20. g3 Qh6 21. Ndf3 Bxe5 22. Nxe5 Nxd5 23. Ng4 Qh3 24. Qd4 f6 25. cxd5 Nb3 26. Nxf6+ gxf6 27. Qxf6 Nxc1 28. Qg7# 1-0

[Event "EU-ch (Women) 12th"]
[Site "Tbilisi"]
[Date "2011.05.17"]
[Round "10"]
[White "Bokuchava, Madona"]
[Black "Jalabadze, Natia"]
[Result "1/2-1/2"]
[WhiteElo "2115"]
[BlackElo "2052"]
[PlyCount "130"]
[EventDate "2011.05.07"]
[EventType "swiss"]
[EventRounds "11"]
[EventCountry "GEO"]
[SourceTitle "CBM 142 Extra"]
[Source "ChessBase"]
[SourceDate "2011.06.27"]
[SourceVersion "1"]
[SourceVersionDate "2011.06.27"]
[SourceQuality "1"]

1. d4 Nf6 2. c4 e6 3. Nf3 b6 4. g3 Ba6 5. b3 Bb4+ 6. Bd2 Be7 7. Bg2 c6 8. Bc3 d5 9. 0-0 0-0 10. Nbd2 Bb7 11. Ne5 Na6 12. e4 c5 13. exd5 exd5 14. Re1 cxd4 15. Bxd4 Nc5 16. Ng4 dxc4 17. Nxc4 Bxg2 18. Kxg2 Nxg4 19. Qxg4 Bf6 20. Rad1 h5 21. Bxf6 hxg4 22. Bxd8 Rfxd8 23. Ne5 f5 24. b4 Ne4 25. Nc6 Rxd1 26. Rxd1 Kf8 27. Rd7 Rc8 28. b5 Nc3 29. Nd4 Nxa2 30. Ne6+ Kg8 31. Rxg7+ Kh8 32. Rxa7 Nc3 33. Rf7 Nxb5 34. Rxf5 Nd6 35. Rd5 Nf7 36. h4 Nh6 37. Rb5 Rc6 38. Nf4 Nf7 39. h5 Kg7 40. Rd5 Kh6 41. Rf5 Ng5 42. Rb5 Ne4 43. Nd5 Nc3 44. Nxc3 Rxc3 45. Kf1 Ra3 46. Ke2 Ra5 47. Rxb6+ Kxh5 48. Rb3 Kg5 49. Rb4 Re5+ 50. Kd3 Rf5 51. Rb2 Ra5 52. Kc4 Kf5 53. Kd4 Ra4+ 54. Kd3 Ra5 55. Rc2 Ra3+ 56. Ke2 Ra5 57. Rb2 Re5+ 58. Kd3 Ra5 59. Rb4 Rd5+ 60. Ke3 Ra5 61. Rf4+ Kg5 62. Ke4 Ra4+ 63. Ke5 Ra5+ 64. Ke6 Ra6+ 65. Kd5 Ra5+ 1/2-1/2

[Event "EU-ch (Women) 12th"]
[Site "Tbilisi"]
[Date "2011.05.13"]
[Round "7"]
[White "Mamedjarova, Turkan"]
[Black "Bokuchava, Madona"]
[Result "1-0"]
[WhiteElo "2322"]
[BlackElo "2115"]
[PlyCount "121"]
[EventDate "2011.05.07"]
[EventType "swiss"]
[EventRounds "11"]
[EventCountry "GEO"]
[SourceTitle "CBM 142 Extra"]
[Source "ChessBase"]
[SourceDate "2011.06.27"]
[SourceVersion "1"]
[SourceVersionDate "2011.06.27"]
[SourceQuality "1"]

1. e4 c5 2. d3 Nc6 3. g3 e6 4. Bg2 g6 5. f4 Bg7 6. Nf3 Nge7 7. 0-0 0-0 8. c3 b6 9. Re1 Bb7 10. g4 f5 11. h3 Rc8 12. Na3 a6 13. Qe2 b5 14. Bd2 h6 15. Qf2 b4 16. Nc4 fxe4 17. dxe4 d5 18. exd5 exd5 19. Nce5 bxc3 20. bxc3 Nxe5 21. Nxe5 Qc7 22. Rab1 Rb8 23. Qh4 d4 24. Bf1 Bd5 25. Rxb8 Rxb8 26. c4 Ba8 27. Bd3 g5 28. Qh5 Rf8 29. Ng6 Rf7 30. Re6 Bb7 31. Nxe7+ Rxe7 32. Qg6 Rxe6 33. Qxe6+ Kf8 34. Bh7 Qf7 35. Qd6+ Qe7 36. Qb8+ Kf7 37. Qg8+ Kf6 38. fxg5+ hxg5 39. h4 gxh4 40. g5+ Ke5 41. Qb8+ Ke6 42. Bg8+ Kf5 43. Qf4+ Kg6 44. Qxh4 Bf8 45. Qh3 Be4 46. Be6 d3 47. Qg4 Qb7 48. Bd7 Qb1+ 49. Kf2 Qh1 50. Be8+ Kh7 51. Bh5 Qh2+ 52. Ke3 Bg6 53. Bxg6+ Kxg6 54. Qe6+ Kh5 55. Qf7+ Kg4 56. Qd7+ Kxg5 57. Kxd3+ Kf6 58. Bc3+ Kg5 59. Qd8+ Kg4 60. Qc8+ Kh4 61. Qxf8 1-0

[Event "EU-ch (Women) 12th"]
[Site "Tbilisi"]
[Date "2011.05.11"]
[Round "5"]
[White "Ziaziulkina, Nastassia"]
[Black "Bokuchava, Madona"]
[Result "1-0"]
[WhiteElo "2291"]
[BlackElo "2115"]
[PlyCount "87"]
[EventDate "2011.05.07"]
[EventType "swiss"]
[EventRounds "11"]
[EventCountry "GEO"]
[SourceTitle "CBM 142 Extra"]
[Source "ChessBase"]
[SourceDate "2011.06.27"]
[SourceVersion "1"]
[SourceVersionDate "2011.06.27"]
[SourceQuality "1"]

1. e4 c5 2. Nf3 d6 3. d4 cxd4 4. Nxd4 Nf6 5. Nc3 Nc6 6. Bg5 Bd7 7. Qd2 Rc8 8. f4 h6 9. Bxf6 gxf6 10. 0-0-0 Nxd4 11. Qxd4 Qa5 12. Kb1 Qc5 13. Qd3 h5 14. Be2 a6 15. Rhe1 Be6 16. Bf3 Bc4 17. Qd2 Bh6 18. Nd5 Bxd5 19. exd5 f5 20. g3 Bg7 21. c3 h4 22. Qc2 hxg3 23. hxg3 Qb6 24. Rd3 Rc7 25. Rde3 Kd8 26. Ka1 Bd4 27. R3e2 Rg8 28. Qxf5 Bf6 29. Bg4 Qa5 30. Re3 Qb6 31. Bh3 Rh8 32. g4 Bh4 33. R1e2 Bf2 34. Rf3 Bh4 35. g5 Qg1+ 36. Rf1 Qg3 37. Bg4 b5 38. Bf3 Rc4 39. Qxf7 Qxf4 40. Qxe7+ Kc8 41. Qa7 Kd8 42. Bg2 Qg3 43. Rf7 Qg4 44. Qb8+ 1-0

[Event "Poti Aleksandria Cup 5th"]
[Site "Poti"]
[Date "2010.07.14"]
[Round "4"]
[White "Tsomaia, Sergo"]
[Black "Bokuchava, Madona"]
[Result "1/2-1/2"]
[WhiteElo "1989"]
[BlackElo "2120"]
[PlyCount "105"]
[EventDate "2010.07.11"]
[EventType "swiss"]
[EventRounds "9"]
[EventCountry "GEO"]
[SourceTitle "CBM 137 Extra"]
[Source "ChessBase"]
[SourceDate "2010.09.01"]
[SourceVersion "1"]
[SourceVersionDate "2010.09.01"]
[SourceQuality "1"]

1. e4 c5 2. d4 cxd4 3. c3 Nf6 4. e5 Nd5 5. cxd4 e6 6. Nc3 d6 7. Nf3 Nxc3 8. bxc3 Qc7 9. Bd2 Nd7 10. Qa4 dxe5 11. Nxe5 Bd6 12. Nc4 Be7 13. Bd3 a6 14. Ne3 0-0 15. 0-0 b5 16. Qc2 Nf6 17. a4 Bd7 18. axb5 axb5 19. Rfb1 Rxa1 20. Rxa1 Bc6 21. Qb1 Qd7 22. Ra5 Rb8 23. Qa1 g6 24. Ra7 Qd8 25. Qa5 Qe8 26. Qc7 Bf8 27. h3 Rc8 28. Qa5 Bd6 29. Ng4 Nxg4 30. hxg4 e5 31. Be3 exd4 32. Bxd4 Qe1+ 33. Bf1 Qe4 34. Qa2 Bd5 35. Qe2 Qf4 36. g3 Qh6 37. Bg2 Qc1+ 38. Qf1 Qxf1+ 39. Bxf1 Bc6 40. Ra6 Be7 41. Ra7 Kf8 42. Bg2 Bxg2 43. Kxg2 b4 44. cxb4 Bxb4 45. g5 Bc5 46. Bxc5+ Rxc5 47. f4 Rc3 48. Kh3 Kg7 49. Kg4 Rc4 50. Ra3 h6 51. gxh6+ Kxh6 52. Kf3 f5 53. g4 1/2-1/2

[Event "Tbilisi Chiburdanidze Cup"]
[Site "Tbilisi"]
[Date "2009.06.10"]
[Round "6"]
[White "Nikoladze, Sopio"]
[Black "Bokuchava, Madona"]
[Result "1-0"]
[WhiteElo "2211"]
[BlackElo "2120"]
[PlyCount "157"]
[EventDate "2009.06.05"]
[EventType "swiss"]
[EventRounds "9"]
[EventCountry "GEO"]
[SourceTitle "CBM 130 Extra"]
[Source "ChessBase"]
[SourceDate "2009.07.02"]
[SourceVersion "2"]
[SourceVersionDate "2009.07.15"]
[SourceQuality "1"]

1. d4 Nf6 2. Nf3 c5 3. e3 d5 4. b3 e6 5. Bd3 Nbd7 6. Nbd2 Bd6 7. Bb2 0-0 8. Ne5 cxd4 9. exd4 b6 10. f4 Bb7 11. Qf3 Qc7 12. 0-0 Rac8 13. Rac1 a6 14. a3 b5 15. g4 Qa5 16. b4 Qb6 17. Rf2 Bxe5 18. dxe5 Ne4 19. Nxe4 dxe4 20. Bxe4 Bxe4 21. Qxe4 Rc4 22. Qf3 f6 23. Rd1 Rxc2 24. Rd6 Qa7 25. Bd4 Rxf2 26. Kxf2 Qc7 27. Rc6 Qd8 28. Rxe6 fxe5 29. Bxe5 Nxe5 30. Rxe5 Qd4+ 31. Kg3 Qg1+ 32. Kh3 Qc1 33. f5 Rc8 34. Re3 h6 35. Rd3 Qc2 36. Qd5+ Kh7 37. f6 Rc3 38. Qf5+ Kg8 39. Qe6+ Kh7 40. Qf5+ Kg8 41. Rg3 Rxg3+ 42. Kxg3 Qc3+ 43. Qf3 Qe5+ 44. Qf4 Qc3+ 45. Kf2 Qb2+ 46. Kg1 Qa1+ 47. Kg2 Qb2+ 48. Qf2 Qxa3 49. fxg7 Kxg7 50. Qd4+ Kg6 51. h4 Qa2+ 52. Kf3 Qe6 53. Qd3+ Kf7 54. Qc3 Kg8 55. Kf4 Kf7 56. Qc7+ Kg8 57. Qe5 Qf7+ 58. Ke4 Qg6+ 59. Qf5 Qb6 60. Qc8+ Kf7 61. Qd7+ Kg8 62. Kf5 Kf8 63. Qe6 Qf2+ 64. Kg6 Qc2+ 65. Kxh6 a5 66. bxa5 b4 67. a6 Qc7 68. Qf5+ Kg8 69. g5 b3 70. Qe6+ Kf8 71. Qf5+ Kg8 72. Qd5+ Kf8 73. Qa8+ Ke7 74. Qb7 Kd8 75. Qxb3 Qd6+ 76. Kh5 Qxa6 77. Qg8+ Ke7 78. Qg7+ Ke8 79. Qf6 1-0

[Event "Tbilisi Chiburdanidze Cup"]
[Site "Tbilisi"]
[Date "2009.06.07"]
[Round "3"]
[White "Bokuchava, Madona"]
[Black "Jalabadze, Natia"]
[Result "1/2-1/2"]
[WhiteElo "2120"]
[BlackElo "2041"]
[PlyCount "67"]
[EventDate "2009.06.05"]
[EventType "swiss"]
[EventRounds "9"]
[EventCountry "GEO"]
[SourceTitle "CBM 130 Extra"]
[Source "ChessBase"]
[SourceDate "2009.07.02"]
[SourceVersion "2"]
[SourceVersionDate "2009.07.15"]
[SourceQuality "1"]

1. d4 Nf6 2. Nf3 e6 3. Bg5 d5 4. e3 Be7 5. Bd3 0-0 6. 0-0 b6 7. Qe2 Bb7 8. Ne5 Nbd7 9. f4 c5 10. c3 Rc8 11. Nd2 Ne4 12. Bxe7 Qxe7 13. Rf3 f6 14. Nxd7 Qxd7 15. Rh3 Qe7 16. Rf1 g6 17. Nf3 Rc7 18. g4 Bc8 19. Nh4 e5 20. Bxe4 dxe4 21. dxe5 fxe5 22. f5 g5 23. Ng2 c4 24. Rh5 Qg7 25. Qc2 Bb7 26. Rd1 Qf6 27. Qd2 Bc6 28. Qe2 Be8 29. Rh3 Ba4 30. Rd2 Kg7 31. Rh5 Be8 32. Rh3 Ba4 33. Rh5 Be8 34. Rh3 1/2-1/2

[Event "Wch U20 Girls 25th"]
[Site "Yerevan"]
[Date "2007.10.16"]
[Round "13"]
[White "Bokuchava, Madona"]
[Black "Khotenashvili, Bela"]
[Result "1/2-1/2"]
[WhiteElo "2130"]
[BlackElo "2307"]
[PlyCount "119"]
[EventDate "2007.10.03"]
[EventType "swiss"]
[EventRounds "13"]
[EventCountry "ARM"]
[SourceTitle "CBM 120 Extra"]
[Source "ChessBase"]
[SourceDate "2007.11.01"]
[SourceVersion "1"]
[SourceVersionDate "2007.11.01"]
[SourceQuality "1"]

1. d4 e6 2. c4 Nf6 3. Nf3 d5 4. cxd5 exd5 5. Nc3 Bb4 6. Bg5 h6 7. Bxf6 Qxf6 8. Qb3 Qd6 9. a3 Bxc3+ 10. Qxc3 Bf5 11. e3 Nd7 12. Rc1 c6 13. Bd3 Bg4 14. Nd2 0-0 15. 0-0 f5 16. f3 Bh5 17. e4 fxe4 18. fxe4 Rxf1+ 19. Rxf1 Nf8 20. e5 Qe7 21. Bc2 Qh4 22. Nf3 Qf4 23. g3 Qg4 24. Nh4 Ne6 25. Bd1 Qg5 26. Rf5 Bxd1 27. Rxg5 hxg5 28. Qd3 Bg4 29. Ng6 Re8 30. Kg2 a5 31. b3 Bh5 32. h4 Kf7 33. Qf5+ Kg8 34. Qd3 Kf7 35. Qf5+ Kg8 36. Qd3 Nxd4 37. Qxd4 Bxg6 38. hxg5 Be4+ 39. Kg1 Kh7 40. b4 axb4 41. axb4 Kg6 42. Qc5 Re6 43. Qf8 Bf5 44. Qb8 b5 45. Qc7 d4 46. Kf2 Be4 47. Ke2 Kh7 48. Kd2 Kg6 49. g4 Kxg5 50. Qxg7+ Bg6 51. Qc7 Kf4 52. Qg7 d3 53. Kc3 Kxg4 54. Qg8 Kf5 55. Kxd3 Kxe5+ 56. Kc3 Kd5 57. Qd8+ Ke4 58. Qh4+ Ke5 59. Qg5+ Kd6 60. Qd8+ 1/2-1/2

[Event "Wch U20 Girls 25th"]
[Site "Yerevan"]
[Date "2007.10.09"]
[Round "7"]
[White "Bayat, Shohreh"]
[Black "Bokuchava, Madona"]
[Result "0-1"]
[WhiteElo "2076"]
[BlackElo "2130"]
[PlyCount "104"]
[EventDate "2007.10.03"]
[EventType "swiss"]
[EventRounds "13"]
[EventCountry "ARM"]
[SourceTitle "CBM 120 Extra"]
[Source "ChessBase"]
[SourceDate "2007.11.01"]
[SourceVersion "1"]
[SourceVersionDate "2007.11.01"]
[SourceQuality "1"]

1. e4 c5 2. Nf3 d6 3. Bb5+ Bd7 4. Bxd7+ Nxd7 5. 0-0 Ngf6 6. Qe2 e6 7. b3 Be7 8. Bb2 0-0 9. c4 Re8 10. d4 cxd4 11. Nxd4 Qb6 12. Nc2 Nc5 13. Nc3 a6 14. Rad1 Rad8 15. Kh1 Bf8 16. Qf3 Qc7 17. Ne3 Qc6 18. Rd4 e5 19. Rdd1 Ncxe4 20. Ned5 Nxc3 21. Bxc3 Nxd5 22. Rxd5 Re6 23. Rfd1 Rc8 24. Qd3 Qb6 25. Qd2 Rf6 26. Kg1 Rc5 27. Qe1 Rxd5 28. Rxd5 Qc6 29. Qd2 b6 30. h3 Re6 31. Qd3 Be7 32. Bb4 h6 33. Ba3 e4 34. Qd1 b5 35. Rd4 Qb6 36. cxb5 axb5 37. Rd5 e3 38. fxe3 Qxe3+ 39. Kh2 Qf4+ 40. Kg1 Bh4 41. Bxd6 Qf2+ 42. Kh2 Re2 43. Qg1 Qf3 44. Rxb5 Qc6 45. Rb8+ Kh7 46. Bf4 Qe4 47. Bd6 Bf2 48. Qf1 Qd3 49. Bc7 Qc2 50. Bd6 Re1 51. Qc4 Rh1+ 52. Kxh1 Qd1+ 0-1

[Event "Wch U20 Girls 25th"]
[Site "Yerevan"]
[Date "2007.10.08"]
[Round "6"]
[White "Bokuchava, Madona"]
[Black "Mona, Khaled"]
[Result "1/2-1/2"]
[WhiteElo "2130"]
[BlackElo "2004"]
[PlyCount "70"]
[EventDate "2007.10.03"]
[EventType "swiss"]
[EventRounds "13"]
[EventCountry "ARM"]
[SourceTitle "CBM 120 Extra"]
[Source "ChessBase"]
[SourceDate "2007.11.01"]
[SourceVersion "1"]
[SourceVersionDate "2007.11.01"]
[SourceQuality "1"]

1. d4 d5 2. c4 e6 3. Nc3 c6 4. cxd5 exd5 5. Bf4 Bd6 6. Bg3 Bg4 7. Qb3 b6 8. e3 Nf6 9. Bd3 0-0 10. Nge2 Be6 11. Qc2 h6 12. 0-0 c5 13. dxc5 bxc5 14. Nb5 Bxg3 15. Nxg3 Nbd7 16. Rad1 Qb6 17. Be2 Rab8 18. b3 Rfd8 19. Nf5 Ne5 20. Nc3 Bxf5 21. Qxf5 Qe6 22. Qxe6 fxe6 23. Na4 Rbc8 24. Rc1 Nfd7 25. f4 Ng6 26. Bg4 Ngf8 27. Rfd1 Nf6 28. Bf3 N8d7 29. f5 Kf7 30. fxe6+ Kxe6 31. Nc3 Nb6 32. Ne2 g5 33. Nc3 Ke5 34. Re1 c4 35. Nb5 a6 1/2-1/2